সাহিত্যিক সাক্ষ্যের আলোকে বাংলার আর্থ-সামাজিক ইতিহাস / (Record no. 78318)
[ view plain ]
| 000 -LEADER | |
|---|---|
| fixed length control field | 02085nam a2200277 a 4500 |
| 001 - CONTROL NUMBER | |
| control field | 78318 |
| 003 - CONTROL NUMBER IDENTIFIER | |
| rucl marc code | BD-RjUL |
| 005 - DATE AND TIME OF LATEST TRANSACTION | |
| control field | 20211209083121.0 |
| 008 - FIXED-LENGTH DATA ELEMENTS--GENERAL INFORMATION | |
| fixed length control field | 210908s2018 bg a|||| m||| 00| 0 ben d |
| 035 ## - SYSTEM CONTROL NUMBER | |
| System control number | (BD-RjUL)78544 |
| 040 ## - CATALOGING SOURCE | |
| Original cataloging agency | BD-RjUL |
| Language of cataloging | ben / eng |
| Transcribing agency | BD-RjUL |
| Modifying agency | BD-RjUL |
| 041 ## - LANGUAGE CODE | |
| Language code of text/sound track or separate title | ben |
| 082 ## - DEWEY DECIMAL CLASSIFICATION NUMBER | |
| Classification number | 954.02 |
| Author mark and year | AKS 2018 |
| Edition number | 23 |
| 100 ## - MAIN ENTRY--PERSONAL NAME | |
| Personal name | আক্তার, মোছা. সাহিনা |
| 9 (RLIN) | 247541 |
| 245 10 - TITLE STATEMENT | |
| Title | সাহিত্যিক সাক্ষ্যের আলোকে বাংলার আর্থ-সামাজিক ইতিহাস / |
| Remainder of title | পাল ও সেনযুগ : |
| Statement of responsibility, etc. | মোছা. সাহিনা আক্তার |
| Linkage | তত্ত্বাবধায়ক : চিত্তরঞ্জন মিশ্র |
| 260 ## - PUBLICATION, DISTRIBUTION, ETC. (IMPRINT) | |
| Place of publication, distribution, etc. | রাজশাহী : |
| Name of publisher, distributor, etc. | ইনস্টিটিউট অব বাংলাদেশ স্টাডিজ, রাজশাহী বিশ্ববিদ্যালয়, |
| Date of publication, distribution, etc. | ২০১৮ |
| 300 ## - PHYSICAL DESCRIPTION | |
| Pagination | viii, ২২৮ পাতা : |
| Illustrations | চিএ ; |
| Size | ২৯ সেমি. |
| 502 ## - DISSERTATION NOTE | |
| Dissertation note | থিসিস (পিএইচ. ডি.) -- ইনস্টিটিউট অব বাংলাদেশ স্টাডিজ, রাজশাহী বিশ্ববিদ্যালয়, ২০১৮ |
| 504 ## - BIBLIOGRAPHY, ETC. NOTE | |
| Bibliography, etc | গ্রন্থপঞ্জি : পাতা [২০২]-২১১ |
| 651 ## - SUBJECT ADDED ENTRY--GEOGRAPHIC NAME | |
| Geographic name | বাংলা (ভারত) |
| General subdivision | সামাজিক অবস্থা |
| -- | ইতিহাস |
| Chronological subdivision | ৭৫০ খ্রিষ্টাব্দ -১২৩০খ্রিষ্টাব্দ |
| 9 (RLIN) | 247684 |
| Geographic name | Bengal (India) |
| General subdivision | Social Conditions |
| -- | History |
| Chronological subdivision | 750 A. D. -1230 A. D. |
| 9 (RLIN) | 247685 |
| Geographic name | বাংলা (ভারত) |
| General subdivision | অর্থনৈতিক অবস্থা |
| -- | ইতিহাস |
| Chronological subdivision | ৭৫০ খ্রিষ্টাব্দ -১২৩০খ্রিষ্টাব্দ |
| 9 (RLIN) | 247686 |
| Geographic name | Bengal (India) |
| General subdivision | Economic conditions |
| -- | History |
| Chronological subdivision | 750 A. D. -1230 A. D. |
| 9 (RLIN) | 247687 |
| 700 ## - ADDED ENTRY--PERSONAL NAME | |
| Personal name | মিশ্র, চিত্তরঞ্জন, তত্ত্বাবধায়ক |
| 942 ## - ADDED ENTRY ELEMENTS (KOHA) | |
| Source of classification or shelving scheme | Dewey Decimal Classification |
| Koha item type | Theses |
| Lost status | Source of classification or shelving scheme | Damaged status | Not for loan | Collection code | Permanent Location | Current Location | Shelving location | Date acquired | Source of acquisition | Total Checkouts | Full call number | Date last seen | Copy number | Koha item type |
|---|---|---|---|---|---|---|---|---|---|---|---|---|---|---|
| Dewey Decimal Classification | Not For Loan | Theses | Central Library, University of Rajshahi | Central Library, University of Rajshahi | Documentation Section | 06/05/2019 | Controller of Exam., R.U | BTHE 954.02 AKS 2018 | 08/09/2021 | C-1 | Theses |